Odhad chýbajúcich hodnôt na základe podobnosti entít diplomová práca

Enregistré dans:
Détails bibliographiques
Auteur principal: Melegová, Katarína
Collectivité auteur: Fakulta hospodárskej informatiky EU. Katedra aplikovanej informatiky
Autres auteurs: Hudec, Miroslav, 1969-
Format: Livre
Langue:slovaque
Publié: Bratislava 2017
Tags: Ajouter un tag
Pas de tags, Soyez le premier à ajouter un tag!

MARC

LEADER 00000nbm a2200000 4500
001 0233038
005 20180413100125.6
041 0 |a slo 
044 |a SK 
245 1 0 |a Odhad chýbajúcich hodnôt na základe podobnosti entít  |b diplomová práca  |c Katarína Melegová ; školiteľ: Miroslav Hudec 
264 1 |a Bratislava  |c 2017 
300 |a 59 s. 
100 1 |a Melegová, Katarína 
700 1 |a Hudec, Miroslav, 1969- 
710 2 |a Fakulta hospodárskej informatiky EU. Katedra aplikovanej informatiky